| 000 | 00664nam a22001695i 4500 | ||
|---|---|---|---|
| 001 | 153678 | ||
| 003 | ES-MaACL | ||
| 005 | 20230906205334.0 | ||
| 008 | 051017s1879 be | |||||||| ||fre d | ||
| 040 |
_aCAM _bspa _cCAM |
||
| 245 | 0 | 0 |
_aEruption de l'Etna en 1879 _b: rapport des ingénieurs du Corps Royal des Mines d'Italie : extrait du journal La Meuse. |
| 260 |
_aLiége : _bLéon de Thier, _c1879. |
||
| 300 |
_a19 p. ; _c22 cm. |
||
| 500 | _aExtrait du journal La Meuse (1e y 2e article) | ||
| 651 |
_aEtna (Italia, Volcán) _9156380 |
||
| 852 |
_aES-MaACL _jB-7690(7-8) _z-- Enc. tela _z-- Al final del texto consta: V. Bouhy _z-- Enc. en un vol. facticio |
||
| 999 |
_c153678 _d153678 |
||